[Event "MCR_CF16"]
[Site "?"]
[Date "2007.??.??"]
[Round "?"]
[White "Vanc, Vladimir"]
[Black "Fejfar, Vlastimil"]
[Result "1/2-1/2"]
[WhiteElo "1924"]
[BlackElo "2099"]
[PlyCount "68"]
[EventDate "2007.??.??"]
[EventType "corr"]
[EventRounds "2"]
[SourceDate "2007.06.22"]

1. f4 d5 2. Nf3 Bf5 3. e3 e6 4. Be2 Nc6 5. d3 Nf6 6. Nbd2 Bc5 7. Nb3 Bb6 8. a4
Ng4 9. Nbd4 Nxd4 10. exd4 a5 11. c3 O-O 12. Ne5 Nxe5 13. fxe5 f6 14. Bf4 fxe5
15. Bxe5 c5 16. dxc5 Bxc5 17. d4 Bd6 18. Bxd6 Qxd6 19. O-O e5 20. dxe5 Qxe5 21.
Qd2 Be4 22. Rae1 Qd6 23. Qd4 Qg6 24. g3 h6 25. Bb5 Rac8 26. Qe3 Qd6 27. Qd4 Qg6
28. b3 Rxf1+ 29. Rxf1 Rc7 30. Be2 Qe6 31. Bf3 Qc6 32. Bxe4 dxe4 33. Rd1 Qxc3
34. Qxe4 Qc5+ 1/2-1/2

[Event "MCR_CF16"]
[Site "?"]
[Date "2007.??.??"]
[Round "?"]
[White "Fejfar, Vlastimil"]
[Black "Vanc, Vladimir"]
[Result "1/2-1/2"]
[WhiteElo "2099"]
[BlackElo "1924"]
[PlyCount "91"]
[EventDate "2007.??.??"]
[EventType "corr"]
[EventRounds "2"]
[SourceDate "2007.06.22"]

1. e4 c5 2. Nf3 e6 3. Nc3 Nc6 4. d4 cxd4 5. Nxd4 Qc7 6. Ndb5 Qd8 7. Be3 a6 8.
Bb6 axb5 9. Nxb5 Bb4+ 10. c3 Ba5 11. Nc7+ Qxc7 12. Bxc7 Bxc7 13. Qg4 Kf8 14.
Bb5 Nf6 15. Qe2 h5 16. O-O h4 17. h3 Rh5 18. a4 Re5 19. Bd3 Nxe4 20. Bxe4 d5
21. f3 Bb6+ 22. Kh1 dxe4 23. fxe4 Bd8 24. b3 f5 25. Rae1 g6 26. Qd3 Bf6 27.
exf5 gxf5 28. g4 hxg3 29. Qxg3 Rxe1 30. Rxe1 Kf7 31. Qf3 e5 32. Qh5+ Ke6 33.
Rd1 Ne7 34. Qe2 f4 35. Rd8 Kf5 36. Qg4+ Ke4 37. Qg1 f3 38. Qc5 Nf5 39. Qd5+ Ke3
40. Qd2+ Ke4 41. Qe1+ Ne3 42. Rf8 Ra6 43. Rxc8 Rd6 44. Rc4+ Kd3 45. Rb4 e4 46.
a5 1/2-1/2

[Event "MCR_CF16"]
[Site "?"]
[Date "2007.??.??"]
[Round "?"]
[White "Vanc, Vladimir"]
[Black "Indrak, Zdenek"]
[Result "0-1"]
[WhiteElo "1924"]
[BlackElo "2103"]
[PlyCount "83"]
[EventDate "2007.??.??"]
[EventType "corr"]
[EventRounds "2"]
[SourceDate "2007.06.22"]

1. f4 Nf6 2. Nf3 g6 3. b3 Bg7 4. Bb2 O-O 5. g3 d5 6. Bg2 c5 7. e3 Nc6 8. Qe2
Bf5 9. d3 Qa5+ 10. Bc3 Qb6 11. a4 d4 12. exd4 cxd4 13. Bd2 Nb4 14. Na3 Rac8 15.
Rc1 Rxc2 16. Rxc2 Bxd3 17. Qd1 Ng4 18. Ne5 Nxe5 19. fxe5 Bxc2 20. Nxc2 Nd3+ 21.
Kf1 Qxb3 22. Be4 Nxe5 23. Kg2 Qxa4 24. Nb4 Qxd1 25. Rxd1 Nc4 26. Nd5 Re8 27.
Kf2 e6 28. Nf4 e5 29. Nd3 a5 30. Ke2 Nd6 31. Bd5 e4 32. Nf4 Re5 33. Ba2 Rc5 34.
Rc1 Rxc1 35. Bxc1 b5 36. Kd1 Be5 37. Nd5 d3 38. Bd2 a4 39. Ne7+ Kg7 40. Nc6 Bb2
41. Na7 Bd4 42. Bb4 0-1

[Event "MCR_CF16"]
[Site "?"]
[Date "2007.??.??"]
[Round "?"]
[White "Indrak, Zdenek"]
[Black "Vanc, Vladimir"]
[Result "0-1"]
[WhiteElo "2103"]
[BlackElo "1924"]
[PlyCount "94"]
[EventDate "2007.??.??"]
[EventType "corr"]
[EventRounds "2"]
[SourceDate "2007.06.22"]

1. e4 c5 2. Nc3 Nc6 3. g3 g6 4. Bg2 Bg7 5. d3 d6 6. f4 e5 7. Nh3 Nge7 8. O-O
O-O 9. f5 gxf5 10. exf5 Bxf5 11. Rxf5 Nxf5 12. Be4 Nce7 13. Qh5 Qd7 14. g4 d5
15. Nxd5 Rfd8 16. Nxe7+ Nxe7 17. Bxh7+ Kf8 18. Be3 Qc7 19. Rf1 Nd5 20. Bg6 f6
21. Ng5 Rd6 22. Bd2 c4 23. Bf7 Nf4 24. Bxf4 exf4 25. Nh7+ Ke7 26. Re1+ Kd7 27.
Qf5+ Kc6 28. Bxc4 a6 29. b4 Qb6+ 30. Kf1 Qxb4 31. Qxf4 Rad8 32. Bd5+ Kc5 33. c4
Kb6 34. a3 Qb2 35. c5+ Kxc5 36. Rc1+ Kb5 37. Bxb7 Kb6 38. Bf3 R8d7 39. Qe3+ Qd4
40. Qxd4+ Rxd4 41. Be4 Rf7 42. Rc8 Ra4 43. h4 Rxa3 44. Rc6+ Kb5 45. Rc2 a5 46.
Kg2 a4 47. Bd5 Ra7 0-1

[Event "MCR_CF16"]
[Site "?"]
[Date "2007.??.??"]
[Round "?"]
[White "Fejfar, Vlastimil"]
[Black "Indrak, Zdenek"]
[Result "1/2-1/2"]
[WhiteElo "2099"]
[BlackElo "2103"]
[PlyCount "59"]
[EventDate "2007.??.??"]
[EventType "corr"]
[EventRounds "2"]
[SourceDate "2007.06.22"]

1. e4 d6 2. d4 Nf6 3. Nc3 g6 4. Nf3 Bg7 5. Be2 O-O 6. O-O c6 7. Re1 Qc7 8. Bf4
Nh5 9. Be3 e5 10. Qd2 Nd7 11. Rad1 Nhf6 12. Bh6 b5 13. a3 a5 14. Bd3 Re8 15.
Ne2 Nb6 16. Bxg7 Kxg7 17. Ng3 Bg4 18. Be2 Bxf3 19. Bxf3 h6 20. dxe5 dxe5 21.
Be2 Na4 22. Qc1 Rad8 23. c3 Nc5 24. Qe3 Ne6 25. b4 Rxd1 26. Rxd1 Rd8 27. Rxd8
Qxd8 28. f3 axb4 29. axb4 Nd7 30. Nf1 1/2-1/2

[Event "MCR_CF16"]
[Site "?"]
[Date "2007.??.??"]
[Round "?"]
[White "Indrak, Zdenek"]
[Black "Fejfar, Vlastimil"]
[Result "1/2-1/2"]
[WhiteElo "2103"]
[BlackElo "2099"]
[PlyCount "62"]
[EventDate "2007.??.??"]
[EventType "corr"]
[EventRounds "2"]
[SourceDate "2007.06.22"]

1. e4 e5 2. Nf3 Nc6 3. Bb5 a6 4. Ba4 Nf6 5. d3 Bc5 6. Be3 Bxe3 7. fxe3 b5 8.
Bb3 d6 9. O-O Na5 10. Qe1 Nxb3 11. axb3 O-O 12. b4 c6 13. Nc3 Re8 14. h3 Be6
15. Ne2 Qb6 16. Ng3 Qc7 17. Nh4 Qd8 18. Nhf5 d5 19. exd5 cxd5 20. Ra5 g6 21.
Nh4 e4 22. Ne2 exd3 23. cxd3 Qe7 24. Nd4 Nh5 25. g4 Ng7 26. Ng2 h5 27. Nxe6
Qxe6 28. Qf2 hxg4 29. hxg4 f5 30. Qh4 d4 31. e4 fxe4 1/2-1/2

[Event "MCR_CF16"]
[Site "?"]
[Date "2007.??.??"]
[Round "?"]
[White "Vanc, Vladimir"]
[Black "Goc, Pavel"]
[Result "1/2-1/2"]
[WhiteElo "1924"]
[BlackElo "2119"]
[PlyCount "38"]
[EventDate "2007.??.??"]
[EventType "corr"]
[EventRounds "2"]
[SourceDate "2007.06.22"]

1. f4 d5 2. Nf3 c5 3. e3 Nc6 4. Bb5 Bg4 5. O-O e6 6. b3 Nf6 7. Bb2 Be7 8. Qe1
Bxf3 9. Rxf3 Qb6 10. c4 a6 11. Bxc6+ Qxc6 12. d3 O-O 13. Nd2 Rad8 14. e4 d4 15.
Qh4 Rfe8 16. Rh3 g6 17. Qg3 b5 18. e5 Nd7 19. Rc1 b4 1/2-1/2

[Event "MCR_CF16"]
[Site "?"]
[Date "2007.??.??"]
[Round "?"]
[White "Goc, Pavel"]
[Black "Vanc, Vladimir"]
[Result "1/2-1/2"]
[WhiteElo "2119"]
[BlackElo "1924"]
[PlyCount "35"]
[EventDate "2007.??.??"]
[EventType "corr"]
[EventRounds "2"]
[SourceDate "2007.06.22"]

1. e4 c5 2. Nf3 e6 3. d4 cxd4 4. Nxd4 a6 5. c4 Nf6 6. Nc3 Bb4 7. Bd3 Nc6 8.
Nde2 d5 9. cxd5 exd5 10. exd5 Nxd5 11. Be4 Be6 12. O-O Nxc3 13. bxc3 Qxd1 14.
Rxd1 Bc5 15. Nd4 Rd8 16. Be3 Bxd4 17. cxd4 Bd5 18. f3 1/2-1/2

[Event "MCR_CF16"]
[Site "?"]
[Date "2007.??.??"]
[Round "?"]
[White "Fejfar, Vlastimil"]
[Black "Goc, Pavel"]
[Result "1-0"]
[WhiteElo "2099"]
[BlackElo "2119"]
[PlyCount "75"]
[EventDate "2007.??.??"]
[EventType "corr"]
[EventRounds "2"]
[SourceDate "2007.06.22"]

1. e4 e5 2. Nf3 Nc6 3. Bb5 a6 4. Ba4 Nf6 5. O-O b5 6. Bb3 Bb7 7. d3 Bc5 8. Nc3
O-O 9. a3 h6 10. Nd5 d6 11. c3 Na7 12. a4 Nxd5 13. Bxd5 Bxd5 14. exd5 c6 15. d4
exd4 16. b4 Bb6 17. a5 Bc7 18. Qxd4 cxd5 19. Qxd5 Re8 20. Bd2 Qd7 21. Nd4 Qd8
22. f4 Rb8 23. Rf3 Nc8 24. Qc6 d5 25. Qxa6 Nd6 26. Qc6 Ne4 27. Be3 Rc8 28. Qxb5
Nxc3 29. Qd3 Bd6 30. b5 Qf6 31. Nb3 Re4 32. a6 Bxf4 33. Rxf4 Rxe3 34. Qxe3 Qxf4
35. Qxf4 Ne2+ 36. Kf2 Nxf4 37. a7 Ra8 38. b6 1-0

[Event "MCR_CF16"]
[Site "?"]
[Date "2007.??.??"]
[Round "?"]
[White "Goc, Pavel"]
[Black "Fejfar, Vlastimil"]
[Result "1/2-1/2"]
[WhiteElo "2119"]
[BlackElo "2099"]
[PlyCount "77"]
[EventDate "2007.??.??"]
[EventType "corr"]
[EventRounds "2"]
[SourceDate "2007.06.22"]

1. e4 e5 2. Nf3 Nc6 3. Bc4 Nf6 4. Ng5 Bc5 5. Bxf7+ Ke7 6. Bb3 Rf8 7. O-O d6 8.
Nc3 Qe8 9. d3 h6 10. Nd5+ Kd8 11. Nf3 Bg4 12. Ne3 Qh5 13. c3 Bxf3 14. Qxf3 Qxf3
15. gxf3 Nh5 16. Nd5 Ne7 17. Be3 Nxd5 18. Bxd5 Nf4 19. Bxf4 Rxf4 20. b4 c6 21.
bxc5 cxd5 22. cxd6 Rxf3 23. Rab1 b6 24. d4 exd4 25. e5 dxc3 26. Rbd1 Kd7 27.
Kg2 Rf5 28. Rxd5 c2 29. Rc1 Rc8 30. h4 g5 31. hxg5 hxg5 32. f3 Rc5 33. Rxc5
bxc5 34. Rxc2 Rxe5 35. Rd2 Rf5 36. Kg3 a5 37. Kg4 Rf4+ 38. Kxg5 Rxf3 39. Rd5
1/2-1/2

[Event "MCR_CF16"]
[Site "?"]
[Date "2007.??.??"]
[Round "?"]
[White "Indrak, Zdenek"]
[Black "Goc, Pavel"]
[Result "1-0"]
[WhiteElo "2103"]
[BlackElo "2119"]
[PlyCount "75"]
[EventDate "2007.??.??"]
[EventType "corr"]
[EventRounds "2"]
[SourceDate "2007.06.22"]

1. e4 e5 2. Nf3 Nc6 3. Bb5 a6 4. Ba4 Nf6 5. d3 d6 6. c3 Bd7 7. Nbd2 g6 8. Nf1
Bg7 9. Ng3 O-O 10. O-O Re8 11. Re1 b5 12. Bb3 a5 13. a4 b4 14. d4 exd4 15. cxd4
Bg4 16. Qd3 Bxf3 17. gxf3 Ne7 18. Bg5 c6 19. Qd2 Qb6 20. Rad1 d5 21. e5 Nd7 22.
e6 fxe6 23. Rxe6 Nf5 24. Bxd5 cxd5 25. Rxb6 Nxb6 26. Nxf5 gxf5 27. Bh6 Re6 28.
Bxg7 Kxg7 29. Kh1 Rg6 30. Qe2 Ra7 31. Qe5+ Kh6 32. Qxf5 Nxa4 33. Qf8+ Kh5 34.
Re1 Rc7 35. Qf4 Rcg7 36. Re5+ Rg5 37. Qg4+ Kg6 38. Qxg5+ 1-0

[Event "MCR_CF16"]
[Site "?"]
[Date "2007.??.??"]
[Round "?"]
[White "Goc, Pavel"]
[Black "Indrak, Zdenek"]
[Result "0-1"]
[WhiteElo "2119"]
[BlackElo "2103"]
[PlyCount "66"]
[EventDate "2007.??.??"]
[EventType "corr"]
[EventRounds "2"]
[SourceDate "2007.06.22"]

1. e4 d6 2. d4 Nf6 3. Nc3 g6 4. f4 Bg7 5. Nf3 O-O 6. Bd3 Nc6 7. e5 Ng4 8. h3
Nh6 9. g4 Nb4 10. Bc4 d5 11. Bb3 c6 12. Ne2 f6 13. c3 Na6 14. Be3 Nf7 15. Qd2
b5 16. O-O-O b4 17. c4 Nc7 18. cxd5 Nxd5 19. Ng3 a5 20. Ba4 Ba6 21. f5 fxe5 22.
fxg6 hxg6 23. Nxe5 Nxe5 24. dxe5 Rf3 25. Bf2 Qc7 26. Ne4 Qxe5 27. Bxc6 Bd3 28.
Bxa8 Qxe4 29. Rde1 Qc4+ 30. Kd1 Nc3+ 31. bxc3 bxc3 32. Re4 Qb5 33. Be3 cxd2 0-1

[Event "MCR_CF16"]
[Site "?"]
[Date "2007.??.??"]
[Round "?"]
[White "Vanc, Vladimir"]
[Black "Latal, Frantisek"]
[Result "1/2-1/2"]
[WhiteElo "1924"]
[BlackElo "2129"]
[PlyCount "91"]
[EventDate "2007.??.??"]
[EventType "corr"]
[EventRounds "2"]
[SourceDate "2007.06.22"]

1. d4 d5 2. c4 e6 3. Nf3 Nf6 4. Bg5 Be7 5. Nc3 h6 6. Bh4 O-O 7. e3 b6 8. cxd5
exd5 9. Rc1 Nbd7 10. Bd3 Bb7 11. O-O Ne4 12. Bxe7 Qxe7 13. Qc2 Ndf6 14. Bxe4
dxe4 15. Nd2 c5 16. dxc5 Qxc5 17. Qa4 Qf5 18. Ne2 Rfd8 19. Nd4 Qg5 20. Rc7 Bc8
21. Rfc1 Bh3 22. g3 Nd5 23. R7c4 Nxe3 24. Nxe4 Qe5 25. Nc6 Qxb2 26. Nxd8 b5 27.
Qb4 Nxc4 28. Qxb2 Nxb2 29. Nc6 a6 30. f3 Bd7 31. Nd4 Rd8 32. Nb3 Bc8 33. Rc7
Nd3 34. g4 Be6 35. Ra7 Nb4 36. Nec5 Rd6 37. Nxe6 Rxe6 38. Kf2 Nd3+ 39. Kg3 Rd6
40. Ra8+ Kh7 41. Ra7 f6 42. h4 h5 43. gxh5 Kh6 44. f4 Nb4 45. Ra8 g6 46. Nc5
1/2-1/2

[Event "MCR_CF16"]
[Site "?"]
[Date "2007.??.??"]
[Round "?"]
[White "Latal, Frantisek"]
[Black "Vanc, Vladimir"]
[Result "1/2-1/2"]
[WhiteElo "2129"]
[BlackElo "1924"]
[PlyCount "78"]
[EventDate "2007.??.??"]
[EventType "corr"]
[EventRounds "2"]
[SourceDate "2007.06.22"]

1. d4 Nf6 2. c4 e6 3. Nc3 d5 4. Bg5 Be7 5. e3 Nbd7 6. Nf3 O-O 7. Rc1 c6 8. a3
h6 9. Bf4 Nh5 10. Qc2 Nxf4 11. exf4 Bd6 12. g3 dxc4 13. Bxc4 Nf6 14. O-O Bc7
15. Rfd1 Qe7 16. Qe2 Bd6 17. Ne4 Nxe4 18. Qxe4 g6 19. Qe3 Kh7 20. Bf1 Qf6 21.
Ne5 a5 22. a4 Rd8 23. Nc4 Bc7 24. Bg2 Rb8 25. h3 Bd7 26. Qc3 Ra8 27. Ne5 Bd6
28. Qb3 Bc8 29. Ng4 Qh8 30. Ne5 Qf8 31. h4 Bb4 32. Qd3 Kg7 33. h5 gxh5 34. Qf3
f6 35. Nc4 e5 36. Nb6 Bg4 37. Qb3 Bxd1 38. Rxd1 Ra6 39. Nc4 exd4 1/2-1/2

[Event "MCR_CF16"]
[Site "?"]
[Date "2007.??.??"]
[Round "?"]
[White "Fejfar, Vlastimil"]
[Black "Latal, Frantisek"]
[Result "1-0"]
[WhiteElo "2099"]
[BlackElo "2129"]
[PlyCount "85"]
[EventDate "2007.??.??"]
[EventType "corr"]
[EventRounds "2"]
[SourceDate "2007.06.22"]

1. e4 c5 2. Nf3 Nc6 3. d4 cxd4 4. Nxd4 e6 5. Nc3 Qc7 6. Be2 a6 7. O-O Bd6 8.
Kh1 Nxd4 9. Qxd4 Be5 10. Qd3 Ne7 11. Bd2 Ng6 12. f4 Bf6 13. e5 Be7 14. Ne4 O-O
15. Nd6 f6 16. Bb4 a5 17. Ba3 b6 18. exf6 gxf6 19. f5 Ba6 20. c4 Ne5 21. Qg3+
Kh8 22. Rad1 Qc6 23. Qh3 Bb7 24. Rf2 exf5 25. Qxf5 Bxd6 26. Bxd6 Qe4 27. Bxf8
Rxf8 28. Rd6 Qxf5 29. Rxf5 Kg7 30. Rxb6 Bc6 31. b3 Kg6 32. Rf2 Ra8 33. c5 h5
34. h3 h4 35. Ra6 f5 36. Rxa8 Bxa8 37. Rf4 Kg5 38. Ra4 Be4 39. Kg1 Kf4 40. Kf2
Nc6 41. Bb5 Ke5 42. Bxc6 dxc6 43. Rxa5 1-0

[Event "MCR_CF16"]
[Site "?"]
[Date "2007.??.??"]
[Round "?"]
[White "Latal, Frantisek"]
[Black "Fejfar, Vlastimil"]
[Result "1-0"]
[WhiteElo "2129"]
[BlackElo "2099"]
[PlyCount "135"]
[EventDate "2007.??.??"]
[EventType "corr"]
[EventRounds "2"]
[SourceDate "2007.06.22"]

1. d4 Nf6 2. c4 e6 3. Nc3 Bb4 4. Qc2 d5 5. a3 Be7 6. Nf3 O-O 7. e3 Nbd7 8. cxd5
exd5 9. Bd3 Re8 10. Bd2 c6 11. O-O Nb6 12. h3 Nc4 13. Bxc4 dxc4 14. Rac1 Be6
15. e4 b5 16. Be3 Qd7 17. Ne2 Rad8 18. Nf4 h6 19. Ne5 Qc8 20. Rfd1 a6 21. b4
Bd7 22. Ne2 Qc7 23. Bf4 Nh5 24. Bd2 Be6 25. Nf3 a5 26. Ra1 a4 27. Be3 Rf8 28.
Rac1 f5 29. Ne5 f4 30. Bd2 Bd6 31. Nf3 Qd7 32. Qb1 g5 33. d5 cxd5 34. Ned4 dxe4
35. Qxe4 Bf7 36. Bc3 Rfe8 37. Qc6 Qxc6 38. Nxc6 Rd7 39. Rd2 Ng7 40. Nce5 Bxe5
41. Rxd7 Bxc3 42. Rxc3 Re2 43. Nd4 Re1+ 44. Kh2 Rd1 45. Rd6 Ne8 46. Rd8 Kh7 47.
Rc2 Rd3 48. Re2 c3 49. Nc6 Rxd8 50. Nxd8 Bg6 51. Ne6 c2 52. Re1 Nd6 53. Nd4 Bd3
54. Rc1 Nc4 55. Nxc2 Bxc2 56. Rxc2 Kg6 57. h4 Kf5 58. g3 Ke4 59. gxf4 gxf4 60.
h5 Kd3 61. Rc1 Ke2 62. Kg2 Kd2 63. Rg1 Nxa3 64. Kh3 Nc2 65. Rg6 a3 66. Rxh6
Nxb4 67. Rh8 a2 68. Ra8 1-0

[Event "MCR_CF16"]
[Site "?"]
[Date "2007.??.??"]
[Round "?"]
[White "Indrak, Zdenek"]
[Black "Latal, Frantisek"]
[Result "1-0"]
[WhiteElo "2103"]
[BlackElo "2129"]
[PlyCount "63"]
[EventDate "2007.??.??"]
[EventType "corr"]
[EventRounds "2"]
[SourceDate "2007.06.22"]

1. e4 c5 2. Nc3 Nc6 3. g3 g6 4. Bg2 Bg7 5. d3 d6 6. f4 Nf6 7. Nf3 Bg4 8. h3 Bd7
9. O-O O-O 10. Be3 Qb6 11. Rb1 Qa5 12. Qd2 b5 13. a3 Rab8 14. Qf2 Rfc8 15. e5
Ne8 16. d4 b4 17. axb4 cxb4 18. Ra1 Qd8 19. Ne4 Be6 20. Nfg5 Bd5 21. Nxf7 Bxf7
22. Ng5 e6 23. d5 exd5 24. Nxf7 Kxf7 25. Bxd5+ Kf8 26. f5 Bxe5 27. fxg6+ Nf6
28. Bh6+ Ke7 29. Bxc6 Rxc6 30. Rxa7+ Rc7 31. Bg5 Kd7 32. Bxf6 1-0

[Event "MCR_CF16"]
[Site "?"]
[Date "2007.??.??"]
[Round "?"]
[White "Latal, Frantisek"]
[Black "Indrak, Zdenek"]
[Result "0-1"]
[WhiteElo "2129"]
[BlackElo "2103"]
[PlyCount "102"]
[EventDate "2007.??.??"]
[EventType "corr"]
[EventRounds "2"]
[SourceDate "2007.06.22"]

1. d4 Nf6 2. c4 g6 3. Nf3 Bg7 4. g3 O-O 5. Bg2 d6 6. O-O Nbd7 7. Nc3 c6 8. b3
Re8 9. e4 e5 10. d5 cxd5 11. exd5 Nc5 12. Be3 Ng4 13. b4 Nxe3 14. fxe3 Na6 15.
a3 f5 16. Kh1 Bd7 17. Qe2 Rc8 18. e4 Nc7 19. Rac1 Rf8 20. exf5 gxf5 21. Nh4 Bh6
22. Rce1 Bg5 23. Nf3 Bf6 24. Nd2 Bg7 25. Bh3 Qe7 26. Rf2 e4 27. Qe3 Bxc3 28.
Qxc3 Nxd5 29. Qb3 Nc7 30. c5+ Be6 31. cxd6 Qxd6 32. Qe3 Rce8 33. Nf1 Nd5 34.
Qh6 Rf6 35. Qg5+ Rg6 36. Qd2 Qe5 37. Ne3 Nxe3 38. Qxe3 Rc8 39. Rff1 b6 40. Rf4
Rc3 41. Qd2 e3 42. Qb2 Qxf4 43. Qxc3 Bd5+ 44. Bg2 Bxg2+ 45. Kxg2 Qf2+ 46. Kh1
Re6 47. Qc8+ Kf7 48. Qd7+ Re7 49. Qd5+ Kg6 50. Qd6+ Kh5 51. Rg1 Qf3+ 0-1

[Event "MCR_CF16"]
[Site "?"]
[Date "2007.??.??"]
[Round "?"]
[White "Goc, Pavel"]
[Black "Latal, Frantisek"]
[Result "1-0"]
[WhiteElo "2119"]
[BlackElo "2129"]
[PlyCount "127"]
[EventDate "2007.??.??"]
[EventType "corr"]
[EventRounds "2"]
[SourceDate "2007.06.22"]

1. e4 e5 2. Nf3 Nc6 3. Bb5 a6 4. Ba4 Nf6 5. O-O Be7 6. Re1 d6 7. c3 b5 8. Bc2
O-O 9. a4 b4 10. d4 exd4 11. cxd4 Bg4 12. Be3 Bh5 13. Nbd2 a5 14. Rc1 Rc8 15.
Bd3 Nb8 16. Qc2 Bg6 17. Nh4 Ng4 18. Nxg6 hxg6 19. Bf4 Bh4 20. g3 Bg5 21. Bxg5
Qxg5 22. f4 Qd8 23. h3 Nf6 24. Nf3 c5 25. e5 c4 26. Bf1 Nh7 27. exd6 c3 28. Qb3
Qxd6 29. bxc3 g5 30. Bc4 gxf4 31. Ne5 Rc7 32. gxf4 Nc6 33. Kh2 Nf6 34. Red1 Nd8
35. cxb4 axb4 36. a5 Ne4 37. Qf3 Nc3 38. Rg1 Rxc4 39. Nxc4 Qxd4 40. Ne5 Ne6 41.
Nc6 Qd6 42. Rce1 Rc8 43. Qg3 Rc7 44. Nd8 Qxd8 45. f5 Rd7 46. fxe6 fxe6 47. Qe5
Re7 48. Rg4 Nd5 49. Rd4 Kf7 50. Rc1 Rd7 51. Rf1+ Nf6 52. Rxb4 Qc8 53. Rg4 Qa6
54. Rxg7+ Kxg7 55. Rxf6 Rd5 56. Rxe6+ Rxe5 57. Rxa6 Re2+ 58. Kg3 Rc2 59. Rb6
Rc3+ 60. Kg4 Rc4+ 61. Kf3 Ra4 62. a6 Kf8 63. h4 Kg7 64. h5 1-0

[Event "MCR_CF16"]
[Site "?"]
[Date "2007.??.??"]
[Round "?"]
[White "Latal, Frantisek"]
[Black "Goc, Pavel"]
[Result "1-0"]
[WhiteElo "2129"]
[BlackElo "2119"]
[PlyCount "73"]
[EventDate "2007.??.??"]
[EventType "corr"]
[EventRounds "2"]
[SourceDate "2007.06.22"]

1. d4 Nf6 2. c4 e6 3. Nc3 Bb4 4. Qc2 O-O 5. a3 Bxc3+ 6. Qxc3 Ne4 7. Qc2 f5 8.
Nf3 b6 9. e3 Bb7 10. Bd3 d6 11. O-O Nd7 12. b4 Ndf6 13. Bb2 g5 14. Ne1 Ng4 15.
Qd1 Nh6 16. f3 Nf6 17. e4 Nh5 18. g3 Qd7 19. Ng2 Rae8 20. c5 bxc5 21. dxc5 d5
22. e5 Rb8 23. b5 c6 24. a4 f4 25. g4 Ng7 26. Bd4 Rfc8 27. Qc2 Ne8 28. h4 gxh4
29. Nxf4 Qe7 30. Qh2 cxb5 31. axb5 Rxc5 32. Nh5 Rcc8 33. Nf6+ Nxf6 34. Qxh4 Ra8
35. exf6 Qf8 36. Qg5+ Kf7 37. Rae1 1-0

[Event "MCR_CF16"]
[Site "?"]
[Date "2007.??.??"]
[Round "?"]
[White "Vanc, Vladimir"]
[Black "Houdek, Vladimir"]
[Result "0-1"]
[WhiteElo "1924"]
[BlackElo "2167"]
[PlyCount "46"]
[EventDate "2007.??.??"]
[EventType "corr"]
[EventRounds "2"]
[SourceDate "2007.06.22"]

1. d4 d5 2. c4 dxc4 3. e4 Nc6 4. d5 Ne5 5. Nc3 Nf6 6. f3 e6 7. Bf4 Bd6 8. Bxe5
Bxe5 9. Qa4+ Bd7 10. Qxc4 exd5 11. exd5 O-O 12. O-O-O Rc8 13. Bd3 c5 14. Nge2
b5 15. Qh4 Qa5 16. f4 Bxc3 17. Nxc3 c4 18. Bc2 b4 19. Ne4 Nxe4 20. Bxe4 g6 21.
Kb1 b3 22. a3 c3 23. Kc1 Rfe8 0-1

[Event "MCR_CF16"]
[Site "?"]
[Date "2007.??.??"]
[Round "?"]
[White "Houdek, Vladimir"]
[Black "Vanc, Vladimir"]
[Result "1/2-1/2"]
[WhiteElo "2167"]
[BlackElo "1924"]
[PlyCount "48"]
[EventDate "2007.??.??"]
[EventType "corr"]
[EventRounds "2"]
[SourceDate "2007.06.22"]

1. d4 Nf6 2. c4 e6 3. Nf3 b6 4. e3 Bb7 5. Bd3 d5 6. cxd5 exd5 7. O-O Bd6 8. Nc3
O-O 9. Qc2 Re8 10. Nb5 Ba6 11. Bd2 c6 12. Nxd6 Bxd3 13. Qxd3 Qxd6 14. Rac1 Nbd7
15. Ng5 Rac8 16. f3 c5 17. Rfe1 c4 18. Qc3 b5 19. Qa5 a6 20. Bb4 Qc7 21. Qxc7
Rxc7 22. Bd2 h6 23. Nh3 Nf8 24. Nf4 g5 1/2-1/2

[Event "MCR_CF16"]
[Site "?"]
[Date "2007.??.??"]
[Round "?"]
[White "Fejfar, Vlastimil"]
[Black "Houdek, Vladimir"]
[Result "1-0"]
[WhiteElo "2099"]
[BlackElo "2167"]
[PlyCount "73"]
[EventDate "2007.??.??"]
[EventType "corr"]
[EventRounds "2"]
[SourceDate "2007.06.22"]

1. e4 e5 2. Nf3 Nc6 3. Bb5 a6 4. Ba4 Nf6 5. O-O Be7 6. Re1 b5 7. Bb3 d6 8. c3
O-O 9. h3 Na5 10. Bc2 c5 11. d4 Qc7 12. Nbd2 cxd4 13. cxd4 Nc6 14. Nb3 a5 15.
Be3 a4 16. Nbd2 Bd7 17. Rc1 Qb7 18. Qe2 Rfe8 19. Bd3 Rab8 20. d5 Nb4 21. Bb1
Na6 22. Nf1 Bf8 23. Ng3 Nc5 24. Nd2 Be7 25. Qf3 g6 26. b4 axb3 27. axb3 Ra8 28.
Qd1 Ra3 29. Qc2 Rea8 30. Qb2 Ne8 31. Bxc5 dxc5 32. Qxe5 Bd6 33. Qb2 f6 34. Nf3
Bc8 35. e5 fxe5 36. Ne4 Qxd5 37. Red1 1-0

[Event "MCR_CF16"]
[Site "?"]
[Date "2007.??.??"]
[Round "?"]
[White "Houdek, Vladimir"]
[Black "Fejfar, Vlastimil"]
[Result "1/2-1/2"]
[WhiteElo "2167"]
[BlackElo "2099"]
[PlyCount "69"]
[EventDate "2007.??.??"]
[EventType "corr"]
[EventRounds "2"]
[SourceDate "2007.06.22"]

1. d4 Nf6 2. c4 e6 3. Nf3 b6 4. e3 Bb7 5. Bd3 c5 6. O-O Be7 7. Nc3 a6 8. Qe2
O-O 9. d5 exd5 10. cxd5 b5 11. e4 c4 12. Bc2 d6 13. Nd4 Re8 14. Qf3 Nbd7 15.
Bd2 b4 16. Nce2 a5 17. Rae1 Ne5 18. Qg3 Bc8 19. h3 Bd7 20. Bb1 Rc8 21. Rc1 Qb6
22. Be3 Qa6 23. f3 a4 24. Qe1 Bd8 25. Ng3 Rb8 26. Qf2 Bb6 27. Ndf5 Bb5 28. Rfe1
Kh8 29. Bxb6 Qxb6 30. Nd4 a3 31. bxa3 bxa3 32. Nxb5 Qxf2+ 33. Kxf2 Rxb5 34.
Red1 h5 35. Nf5 1/2-1/2

[Event "MCR_CF16"]
[Site "?"]
[Date "2007.??.??"]
[Round "?"]
[White "Indrak, Zdenek"]
[Black "Houdek, Vladimir"]
[Result "1/2-1/2"]
[WhiteElo "2103"]
[BlackElo "2167"]
[PlyCount "56"]
[EventDate "2007.??.??"]
[EventType "corr"]
[EventRounds "2"]
[SourceDate "2007.06.22"]

1. e4 e5 2. Nf3 Nc6 3. Bb5 a6 4. Ba4 Nf6 5. d3 d6 6. c3 Be7 7. Nbd2 O-O 8. O-O
b5 9. Bb3 Na5 10. Bc2 c5 11. Re1 Nc6 12. Nf1 Re8 13. Ne3 Bf8 14. Nd5 Nxd5 15.
exd5 Ne7 16. d4 f6 17. dxe5 dxe5 18. Nh4 Qxd5 19. Qh5 g6 20. Nxg6 Qf7 21. Nxe7+
Rxe7 22. Qh4 Kh8 23. Be3 Bb7 24. f3 Rc7 25. Rad1 Be7 26. Bf5 Rg8 27. Qh3 Bc8
28. Bxc8 Rcxc8 1/2-1/2

[Event "MCR_CF16"]
[Site "?"]
[Date "2007.??.??"]
[Round "?"]
[White "Houdek, Vladimir"]
[Black "Indrak, Zdenek"]
[Result "0-1"]
[WhiteElo "2167"]
[BlackElo "2103"]
[PlyCount "55"]
[EventDate "2007.??.??"]
[EventType "corr"]
[EventRounds "2"]
[SourceDate "2007.06.22"]

1. d4 Nf6 2. c4 g6 3. g3 Bg7 4. Bg2 O-O 5. Nf3 d6 6. O-O Nbd7 7. Nc3 e5 8. e4
c6 9. h3 Qb6 10. d5 Nc5 11. Re1 cxd5 12. cxd5 Bd7 13. Rb1 a5 14. Be3 Qc7 15.
Nd2 b5 16. Nb3 b4 17. Nxc5 bxc3 18. Nxd7 c2 19. Nxf6+ Bxf6 20. Qd3 cxb1=Q 21.
Rxb1 Rfc8 22. Rc1 Qb7 23. Rb1 Bd8 24. b3 Bb6 25. Bd2 Bd4 26. Rf1 Qc7 27. Qf3
Qc2 28. Bc1 0-1

[Event "MCR_CF16"]
[Site "?"]
[Date "2007.??.??"]
[Round "?"]
[White "Houdek, Vladimir"]
[Black "Goc, Pavel"]
[Result "1/2-1/2"]
[WhiteElo "2167"]
[BlackElo "2119"]
[PlyCount "45"]
[EventDate "2007.??.??"]
[EventType "corr"]
[EventRounds "2"]
[SourceDate "2007.06.22"]

1. d4 Nf6 2. c4 e6 3. Nf3 b6 4. e3 Bb7 5. Bd3 Be7 6. O-O d5 7. cxd5 Nxd5 8. e4
Nf6 9. Nc3 O-O 10. Qe2 Nbd7 11. e5 Nd5 12. Qe4 g6 13. Bh6 Re8 14. Bc4 c6 15.
Rac1 b5 16. Bb3 a5 17. Nxd5 cxd5 18. Qf4 Qb6 19. Ng5 Bxg5 20. Bxg5 a4 21. Bc2
Rec8 22. Rfd1 b4 23. Rd3 1/2-1/2